000 01012cab a2200181 4500
001 ##L133212
008 060420n2006 000 0 eng u
035 _a(Sirsi) u133212
041 0 _aeng
100 1 _aTinworth, Adam
245 0 2 _aA site to sort sites
260 _c2006
490 0 _aEstates Gazette
_v(0615) 15 April 2006, 44-45(2)
520 _aReviews the performance and capabilities of the Planning Portal, the government central website for all planning matters, now running at www.planningportal.gov.uk. All 387 English and Welsh local authorities are working with the portal and research carried out by KPMG in late 2005 demonstrated that the portal halved the time it took to process planning applications and reduced the cost on average by £122. Looks at its ability to attract large-scale projects and how well it can deal with them.
590 _aIKA250406
690 _aENVIRONMENTAL AND LAND CONSULTANCY-PLANNING AND DEVELOPMENT-DEVELOPMENT CONTROL-PLANNING APPLICATIONS
942 _n0
999 _c76866
_d76866